Allgemeine Werkstoffprüfung für Ingenierschulen /
Guardado en:
| Autores principales: | , |
|---|---|
| Formato: | Libro |
| Lenguaje: | alemán |
| Publicado: |
Leipzig :
VEB Fachbuchverlag,
1970
|
| Edición: | 5.verbesserte Auflage |
| Etiquetas: |
Sin Etiquetas, Sea el primero en etiquetar este registro!
|
MARC
| LEADER | 00000nam a22000003a 4500 | ||
|---|---|---|---|
| 001 | stu40161 | ||
| 005 | 20150617225722.7 | ||
| 008 | 930406s1970----gw------------------ger-d | ||
| 040 | |a STU |b slo | ||
| 041 | 0 | |a ger | |
| 044 | |a gw | ||
| 100 | 1 | |a Opitz, Herbert |4 aut | |
| 245 | 1 | |a Allgemeine Werkstoffprüfung für Ingenierschulen / |c [aut.]Herbert Opitz, Werner Dude | |
| 250 | |a 5.verbesserte Auflage | ||
| 260 | |a Leipzig : |b VEB Fachbuchverlag, |c 1970 | ||
| 300 | |a 362 s | ||
| 700 | 1 | |a Dude, Werner |4 aut | |
| 996 | |b 284M014090 |c M*6664-1 |l MMKN |s A |a 24 |w stu40161_0001 | ||